Normal view
MARC view
- CARLOTA,
Entry Nombre Personal
001 - NUMERO DE CONTROL
- campo de control: 7137
003 - IDENTIFICADOR DE NUMERO DE CONTROL
- campo de control: UPN
005 - FECHA Y HORA DE LA ÜLTIMA TRANSACCIÓN
- campo de control: 20210219193710.0
008 - DATOS DE LONGITUD FIJA
- campo de control de longitud fija: nabaccnnaabn|||||||||| b |nc|||||d
035 ## - NUMERO DE CONTROL
- Número de control: UPN10000007141
040 ## - FUENTE DE CATALOGACIÓN
- Lenguaje de catalogación: SPA
- Agencia de transcripción: UPN
100 0# - ENCABEZAMIENTO - NOMBRE PERSONAL
- Nombre personal: CARLOTA,
- Títulos u otras palabras asociadas al nombre: EMPERATRIZ, CONSORTE DE MAXIMILIANO, EMPERADOR DE MEXICO,
- Fechas asociadas con el nombre: 1840-1927
400 0# - VEÁSE - NOMBRE DE PERSONA
- Personal name: CARLOTA,
- Titles and other words associated with a name: EMPERATRIZ DE MEXICO,
- Dates associated with a name: 1840-1927
670 ## - FUENTE EN LA QUE SE LOCALIZARON DATOS
- Cita de la fuente: LC
- Información localizada: Carlota, Empress, consort of Maximilian, Emperor of Mexico, 1840-1927
902 ## - CATALOGADOR
- Catalogador: BDV/280212
